Engineering Mathematics

Guardado en:
Detalles Bibliográficos
Formato: Libro
Lenguaje:inglés
Publicado: New York : Industrial Press, 2013
Edición:7. vyd.
Materias:
Etiquetas: Agregar Etiqueta
Sin Etiquetas, Sea el primero en etiquetar este registro!

MARC

LEADER 00000nam a22000003a 4500
001 stu266094
005 20141123200513.7
008 130430s--------xxu-----------------eng-d
020 |a 978-0-8311-3470-9 
040 |a STU  |b slo 
041 0 |a eng 
044 |a xxu 
080 |a 51  |7 stu_us_auth*stu8333 
245 |a Engineering Mathematics 
250 |a 7. vyd. 
260 |a New York :  |b Industrial Press,  |c 2013 
300 |a 1155 s 
650 7 |a matematika  |2 stusub 
996 |b 284J041097  |c J*115869  |l JJ0080  |s P  |a 0  |w stu266094_0001